Statistics for Countries by Arctic Perspective

Click here to take the quiz!

General Stats

  • This quiz has been taken 857 times
  • The average score is 24 of 25

Answers on the Map

Answers color-coded by a green-red scale on the quiz's map according to % correct below.
 

Answer Stats

Countries% Correct
Russia
100%
Canada
99%
Denmark
99%
Estonia
99%
Finland
99%
Latvia
99%
Norway
99%
Sweden
99%
United Kingdom
99%
United States
99%
Belgium
98%
Iceland
98%
Ireland
98%
Lithuania
98%
Netherlands
98%
Belarus
97%
Germany
97%
Poland
97%
Ukraine
97%
France
95%
Czechia
93%
Mongolia
93%
China
92%
Kazakhstan
90%
Luxembourg
87%

Score Distribution

Percentile by Number Answered

Percent of People with Each Score

Your Score History

You have not taken this quiz